Csehszlovákia Kommunista Pártja és a csehszlovák állambiztonság reakciói a magyar forradalomra [absztrakt] /

Elmentve itt :
Bibliográfiai részletek
Szerző: Bencsik Péter
Testületi szerző: Az 1956-os forradalom és szabadságharc tudományos kutatása, valamint helye az oktatásban
Dokumentumtípus: Könyv része
Megjelent: Belvedere Meridionale Szeged 2016
Sorozat:Az 1956-os forradalom és szabadságharc tudományos kutatása, valamint helye az oktatásban : absztraktkötet
Kulcsszavak:Kommunista párt - Csehszlovákia - előadáskivonat, Forradalom - Magyarország - 1956 - előadáskivonat, Államvédelem - Csehszlovákia - előadáskivonat
Tárgyszavak:
Online Access:http://acta.bibl.u-szeged.hu/70113
LEADER 01163naa a2200217 i 4500
001 acta70113
005 20221212150506.0
008 200907s2016 hu o 1|| hun d
020 |a 978 615 5372 63 6 
040 |a SZTE Egyetemi Kiadványok Repozitórium  |b hun 
041 |a hun 
100 1 |a Bencsik Péter 
245 1 0 |a Csehszlovákia Kommunista Pártja és a csehszlovák állambiztonság reakciói a magyar forradalomra   |h [elektronikus dokumentum] :  |b [absztrakt] /  |c  Bencsik Péter 
260 |a Belvedere Meridionale  |b Szeged  |c 2016 
300 |a 13 
490 0 |a Az 1956-os forradalom és szabadságharc tudományos kutatása, valamint helye az oktatásban : absztraktkötet 
650 4 |a Bölcsészettudományok 
650 4 |a Történettudomány és régészet 
695 |a Kommunista párt - Csehszlovákia - előadáskivonat, Forradalom - Magyarország - 1956 - előadáskivonat, Államvédelem - Csehszlovákia - előadáskivonat 
711 |a Az 1956-os forradalom és szabadságharc tudományos kutatása, valamint helye az oktatásban  |c Szeged  |d 2016 
856 4 0 |u http://acta.bibl.u-szeged.hu/70113/1/2016_belvedere_1956_absztraktkotet_013.pdf  |z Dokumentum-elérés